000 01052nam1a22002411i 4500
001 rc\4923769
005 20240921131024.0
035 _a(NLR Aleph) 008942223
090 _a8952737
_c8952737
100 _a20130426d1963 |||y0rusy50 ca
101 0 _arus
102 _aRU
105 _a z |||||
200 1 _aПриборы контроля работы авиационных силовых установок
_e[В 5 ч.]
_eЧ. 1-
_fГл. упр. гражд. воздуш. флота при Совете Министров СССР. Киевский ин-т гражд. воздуш. флота. Заоч. фак.
210 _aКиев
_cБ. и.
_d1963
215 _d22
606 _aАвиационные приборы
_jПособия заочные
_2psbo
700 1 _aЯковлев
_bЛ. Г.
_cканд. техн. наук, измерит. техника
_gЛеонид Георгиевич
_9188023
_3RU\NLR\AUTH\770188074
801 0 _aRU
_bNLR
_gpsbo
801 1 _aRU
_bELAR
_2rusmarc
852 _aNLR
_j63-6/12374
942 _cBOOK